Państwa, które odsalają najwięcej wody - Statystyki

Ogólne statystyki
  • Ten quiz został rozwiązany 2 402 razy
  • Średni wynik to 13 z 20
Statystyki odpowiedzi
Litry Państwa % Poprawnych
580 mld Stany Zjednoczone
96%
12810 mld Chiny
92%
200 mld Egipt
79%
2137 mld Arabia Saudyjska
78%
310 mld Australia
77%
200 mld Iran
72%
330 mld Oman
72%
2040 mld Zjednoczone Emiraty Arabskie
72%
533 mld Izrael
71%
77 mld Republika Południowej Afryki
71%
669 mld Katar
67%
631 mld Algieria
66%
420 mld Hiszpania
65%
420 mld Kuwejt
64%
70 mld Libia
62%
200 mld Włochy
60%
242 mld Bahrajn
58%
65 mld Chile
48%
337 mld Chorwacja
19%
94 mld Republika ZielonegoPrzylądka
6%
Nie znaleziono quizów pasujących do podanych kryteriów
Rozkład punktacji
Procent ludzi z każdym wynikiem
Percentyl według liczby udzielonych odpowiedzi
Twoja historia wyników
Nie rozwiązałeś tego quizu